Formule 1 - Records pilotes - Statistiques

Statistiques générales
  • Ce quiz a été pris 164 fois
  • Le résultat moyen est 14 sur 24
Statistiques - réponses
Catégorie Statistiques Réponse % Correct
Plus grand nombre de départs 359 Lewis Hamilton
100%
Plus grand nombre de départs 404 Fernando Alonso
99%
Plus jeunes pilotes à prendre un départ en Grand Prix 17 ans, 5 mois et 15 jours Max Verstappen
99%
Plus grand nombre de départs 307 Michael Schumacher
98%
Nombre de titres mondiaux 4 Sebastian Vettel
92%
Nombre de titres mondiaux 4 Alain Prost
90%
Record de pole positions 65 Ayrton Senna
79%
Plus grand nombre de participations sans victoire 230 Nico Hülkenberg
78%
Plus jeunes pilotes à prendre un départ en Grand Prix 18 ans, 6 mois et 19 jours Andrea Kimi Antonelli
74%
Nombre de titres mondiaux 5 Juan Manuel Fangio
72%
Plus grand nombre de départs 350 Kimi Räikkönen
71%
Plus jeunes pilotes à monter sur un podium 20 ans, 7 mois et 22 jours Lando Norris
60%
Plus jeunes vainqueurs 21 ans, 10 mois et 16 jours Charles Leclerc
59%
Plus jeunes pilotes à prendre un départ en Grand Prix 18 ans, 4 mois et 26 jours Lance Stroll
55%
Plus grand nombre de participations sans victoire 185 Kevin Magnussen
49%
Plus grand nombre de participations sans victoire 179 Romain Grosjean
44%
Plus jeunes pilotes à prendre un départ en Grand Prix 18 ans, 10 mois et 1 jour Oliver Bearman
38%
Plus grand nombre de départs 323 Rubens Barrichello
36%
Plus grand nombre de hat-tricks 11 Jim Clark
21%
Plus grand nombre de participations sans victoire 208 Andrea de Cesaris
15%
Plus jeunes pilotes à monter sur un podium 21 ans et 3 mois Daniil Kvyat
11%
Plus jeunes pilotes à prendre un départ en Grand Prix 19 ans, 4 mois et 3 jours Jaime Alguersuari
10%
Plus grand nombre de participations sans victoire 183 Nick Heidfeld
10%
Plus jeunes vainqueurs 22 ans, 2 mois et 19 jours Troy Ruttman
5%
Aucun quiz correspondant
Distribution des résultats
% des personnes avec chaque résultat
Percentile par nombre de réponses
Votre historique - résultats
Vous n’avez pas pris ce quiz